000 00361 a2200133 4500
040 _aDLC
082 _a912
100 _aDr. Javed Iqbal.
245 _aZinda Roud: Hayat-e-Iqbal ka wasti dour
_cDr. Javed Iqbal.
260 _aLahore :
_bSheikh Ghulam Ali and Sons,
_c1987.
300 _a308 p. ;
_c24 cm.
700 _aIqbal, Muhammad.
942 _cBK
_k912 JAV
_2ddc
999 _c5161
_d5161